000 00549nam a2200229Ia 4500
003 OSt
005 20221005124335.0
006 a|||||r|||| 00| 0
007 ta
008 221004b |||||||| |||| 00| 0 eng d
024 _a57686
037 _cTextual
040 _aCRL
_cCRL
_beng
041 _2eng
_aeng
082 _aU:663, J2
100 _aMiege J. L.
_9635057
245 0 _aMorocco tr by O. C. Warden
260 _c1952
650 _aGEOGRAPHY
942 _hU:663, J2
_cTEXL
_2cc
999 _c1050176
_d1050176